| 000 | 01369cam a22003737a 4500 | ||
|---|---|---|---|
| 003 | CHAP | ||
| 005 | 20220329141902.0 | ||
| 008 | 980407d1981 gt r 00110 spa d | ||
| 010 | _a75269 | ||
| 011 | _a76241 | ||
| 035 | _a85820 | ||
| 040 | _cCHAP | ||
| 090 | _aTesis | ||
| 100 | 0 | 0 |
_aEstrada Aja, Mike Roberto. _938351 |
| 245 | 1 | 0 | _aDeterminación de dosis óptimas económicas de nitrógeno, fósforo y densidad de población en el cultivo de trigo (Tritricum vulgare) variedad balanya-80 en el departamento de Chimaltenango |
| 260 |
_aGuatemala, Guatemala : _bEl autor, _c1981. |
||
| 300 | _a40 h. | ||
| 502 | _aTesis (Ing. Agr.) -- Universidad de San Carlos de Guatemala. Facultad de Agronomía | ||
| 590 |
_aALEPH _b10 _c20130110 _lUCH01 _h1423 |
||
| 590 |
_aBATCH-UPD _b10 _c20130110 _lUCH01 _h0402 |
||
| 590 |
_aBATCH-UPD _b10 _c20130410 _lUCH01 _h0035 |
||
| 590 |
_aBATCH-UPD _b10 _c20130914 _lUCH01 _h1327 |
||
| 590 |
_aCONVERSION _b10 _c20130109 _lUCH01 _h1341 |
||
| 650 | 1 | 4 |
_aFósforo _xEfecto en trigo. _942258 |
| 650 | 1 | 4 |
_aNitrógeno _xEfecto en trigo. _981467 |
| 650 | 1 | 4 |
_aTrigo _xEspaciamiento. _9115021 |
| 650 | 1 | 4 |
_aTrigo _xGuatemala. _9115036 |
| 650 | 1 | 4 |
_aTrigo _xRendimiento. _9115092 |
| 650 | 1 | 4 |
_aTrigo _xVariedades. _9115119 |
| 901 | _aBK | ||
| 905 | _aLilia Sánchez G. | ||
| 942 | _cTESIS | ||
| 949 |
_bBC _cTES _d858201 _eTS1 _h20178 _i85820 _sb |
||
| 999 |
_c75269 _d75269 |
||